MALAYSIAN standards handbook : environmental management systems & environmental auditing
| Format: | Book |
|---|---|
| Published: |
Shah Alam, Selangor :
SIRIM Berhad ,
2000
|
| Series: | MS ISO 14000 series
|
| Subjects: |
MARC
| LEADER | 00000cam a2200000 7i4500 | ||
|---|---|---|---|
| 001 | 0000002134 | ||
| 005 | 20021119.0 | ||
| 020 | 0 | 0 | |a 9679240053 |
| 090 | 0 | 0 | |a R658.408 |b MAL 2000 |
| 245 | 0 | 0 | |a MALAYSIAN standards handbook : |b environmental management systems & environmental auditing |
| 260 | 0 | 0 | |a Shah Alam, Selangor : |b SIRIM Berhad , |c 2000 |
| 300 | |a various pagings ; |c 30 cm. | ||
| 440 | 0 | 0 | |a MS ISO 14000 series |
| 650 | 0 | 0 | |a Environmental protection |x Standards |z Malaysia |
| 998 | |a JPSM | ||
| 999 | |a 0000003528 |b Monograph |c Reference |e Default branch | ||